| 000 | 01334nam a2200289 a 4500 | ||
|---|---|---|---|
| 001 | 000022579 | ||
| 005 | 20240313182403.0 | ||
| 008 | 101013s1986 dr a 000 0bspa d | ||
| 040 |
_aDO-SdBNP _bspa _cBNPHU |
||
| 082 |
_a923.9 _bC719T, 1986 |
||
| 100 | 1 |
_aTejera, D. Emilio, _d1841-1923 _946471 |
|
| 245 | 1 | 4 |
_aLos restos de Colón en Santo Domingo ; _bLos dos restos de Cristóbal Colón / _cD. Emilio Tejera ; introducción Pedro Troncoso Sánchez ; prólogo Federico Henríquez y Carvajal]. |
| 260 |
_aSanto Domingo : _bSociedad Dominicana de Bibliofilos, _c1986. |
||
| 300 |
_a316 p. : _bil. ; _c24 cm. |
||
| 500 | _aIncluye indíce onomástico: p. 299-311. | ||
| 502 | _aPublicado con: Los dos restos de Cristóbal Colón | ||
| 563 | _aDos obras encuadernadas juntas con paginación continua | ||
| 504 | _aIncluye referencias bibliográficas y notas al pie de las páginas. | ||
| 533 | _aBasada en la tercera edición de 1928. | ||
| 600 | 0 |
_aCOLÓN, CRISTOBAL, _d1436-1456 _919795 |
|
| 650 | 4 |
_aRepública dominicana _xHistoria _9416 |
|
| 700 | 1 | 2 |
_aTejera, D. Emilio, _d1841-1923 _tLos dos restos de Cristóbal Colón _946472 |
| 700 | 1 | 2 |
_aHenríquez i Carvajal, Federico, _d1848-1952 _epról. _97792 |
| 700 | 1 | 2 |
_aTroncoso Sánchez, Pedro, _d1904-1989 _923599 |
| 910 | _aValidado. Control de calidad BNPHU | ||
| 049 | _aBNPD | ||
| 999 |
_c22076 _d22076 |
||